| 000 | 00693nam a2200205Ia 4500 | ||
|---|---|---|---|
| 003 | GCL | ||
| 008 | 140319s9999 xx 000 0 ara d | ||
| 040 |
_aGCL / _cGCL |
||
| 082 | 0 | 4 |
_a812.009 _bم ر |
| 100 | 1 | _aمحمد عبدالوهاب صقر | |
| 245 | 1 | 0 |
_aالروائع السبع لمسرح توفيق الحكيم / _cمحمد عبدالوهاب صقر |
| 260 |
_aالقاهرة : _bالهيئة المصرية العامة للكتاب ، _c1990 |
||
| 300 |
_a207 ص ؛ _c20 سم |
||
| 490 | _a | ||
| 650 | 0 | 4 | _aالاخراج المسرحى |
| 650 | 0 | 4 | _aتاريخ ونقد |
| 650 | 0 | 4 | _aالمسرحيات العربية |
| 650 | 0 | 4 | _aالمجموعات |
| 942 |
_2ddc _cBK |
||
| 999 |
_c28341 _d28341 |
||